| 000 | 00441nam a2200157 i 4500 | ||
|---|---|---|---|
| 001 | 63674 | ||
| 003 | ES-MaACL | ||
| 005 | 20230906164935.0 | ||
| 007 | t| | ||
| 008 | 031215s1910 fr ||||1| fre d | ||
| 100 | 1 |
_aFiaux, Louis. _950669 |
|
| 245 | 1 | 2 |
_aL'integrité intersexuelle des peuples et les gouvernements / _cLouis Fiaux. |
| 260 |
_aParis : _bFélix Alcan, _c1910. |
||
| 300 |
_aXXXV, 809 p. ; _c23 cm. |
||
| 852 |
_aES-MaACL _jD-144 |
||
| 999 |
_c63674 _d63674 |
||